Les quartiers de Chambéry - Statistiques

Statistiques générales
  • Ce quiz a été pris 16 fois
  • Le résultat moyen est 4 sur 7
Statistiques - réponses
Quartiers % Correct
Les Hauts de Chambéry
100%
Le Biollay
92%
Centre
58%
Chambéry-le-vieux
58%
Bissy
25%
Bellevue
17%
Laurier
17%
Aucun quiz correspondant
Distribution des résultats
% des personnes avec chaque résultat
Percentile par nombre de réponses
Votre historique - résultats
Vous n’avez pas pris ce quiz